Normal view
MARC view
- McCrory, Amanda.
Entry Personal Name
001 - CONTROL NUMBER
- control field: 67620
003 - CONTROL NUMBER IDENTIFIER
- control field: OSt
005 - DATE AND TIME OF LATEST TRANSACTION
- control field: 20250917085617.0
008 - FIXED-LENGTH DATA ELEMENTS
- fixed length control field: 250917|| aca||aabn | a|a d
040 ## - CATALOGING SOURCE
- Original cataloging agency: OSt
100 ## - HEADING--PERSONAL NAME
- Personal name: McCrory, Amanda.
